000 00809nam a22002177a 4500
999 _c967
_d967
003 AR-CdUCM
008 190226b ||||| |||| 00| 0 spa d
040 _aMUNICIPALIDAD PROVINCIAL DEL CUSCO
_cBIBLIOTECA MUNICIPAL DEL CUSCO
082 _a869.56 /
_bC79
110 _aRelaciones Publicas de PetroperĂș
_93767
245 _aCordillera Negra :
_bY los cuentos ganadores del premio copé 1983 /
_cRelaciones Publicas de PetroperĂș
260 _aLima :
_bIndustrial Grafica,
_c1984.
300 _a205 paginas ;
_c25cm.
505 _aOscar Colchado Lucio -- Cuadros Roman Alberto -- Franco cesar -- Ghibellini Harten -- Hidalgo jose...
650 _aCordillera Negra
_93768
650 _aApagon
_93769
650 _aLa carta
_93770
650 _aMorgana
_93771
942 _2ddc
_cLIBROS
945 _apjha
_d2019-02-25